What's its longest border? - Statistics

General Stats
  • This quiz has been taken 27 times
  • The average score is 3 of 8
Answer Stats
Question Answer % Correct
Iraq Iran
100%
China Mongolia
100%
Russia Kazakhstan
50%
Italy Switzerland
50%
Democratic Republic of the Congo (DRC) Angola
0%
Germany Austria
0%
Brazil Bolivia
0%
Sudan South Sudan
0%
No matching quizzes found
Score Distribution
Percent of People with Each Score
Percentile by Number Answered
Your Score History
You have not taken this quiz